000 00964cab a2200325 4500
001 ABS53392
008 090401t1995 xxu||||| |||| 00| 0 eng d
035 _a(Sirsi) u3897
041 _aeng
245 _aEstates Times survey: Northamptonshire
260 _c1995
350 _a0
490 _aEstates Times
_v(1292) 1 September 1995, 9-21(13)
650 _aCORBY
650 _aDAVENTRY
650 _aDISTRIBUTION MARKET
650 _aINDUSTRIAL MARKET
650 _aKETTERING
650 _aLEISURE DEVELOPMENT
650 _aNORTHAMPTON
650 _aPROPERTY-COMMERCIAL PROPERTY-OFFICE PROPERTY-OFFICE PROPERTY MARKET
650 _aOUT-OF-TOWN BUSINESS PARKS
650 _aPROPERTY-COMMERCIAL PROPERTY-RETAIL PROPERTY-RETAIL PROPERTY MARKET
650 _aROAD LINKS
650 _aURBAN REGENERATION
650 _aWELLINGBOROUGH
690 _aPROPERTY-COMMERCIAL PROPERTY-COMMERCIAL PROPERTY MARKET
942 _n0
948 _c04/03/1997
999 _c2350
_d2350